| 000 | 00386nam a2200181Ia 4500 | ||
|---|---|---|---|
| 100 | _aGupta/I.C | ||
| 650 | _aMetrology | ||
| 250 | _a7 | ||
| 942 | _cBK | ||
| 366 | _f10 | ||
| 654 | _ametrology | ||
| 245 | _aText Book Of Engineering Metrology | ||
| 260 |
_bDHANPAT RAI AND SONS _c2010 |
||
| 082 |
_a620.004 _bGUP |
||
| 300 | _a998 | ||
| 546 |
_aENGLISH _cInfo.Tech |
||
| 999 |
_c29565 _d29565 |
||